Probabilidad y estadísticas aplicadas a la ingeniería

Bibliographic Details
Main Author: Montgomery, Douglas C.
Format: Section = Libro
Language:Undetermined
Spanish
Published: México Limusa 2006
Edition:2a.ed.
Subjects:
LEADER 00581nam a2200205Ia 4500
008 240829s9999 xx 000 0 und d
020 |a 968-18-5915-5 
040 |a BIBLIOTECA-RUPAP 519 M787 
041 |a spa 
082 |a 519 M787 
100 1 |a Montgomery, Douglas C.  
245 1 0 |a Probabilidad y estadísticas aplicadas a la ingeniería 
250 |a 2a.ed. 
260 |a México  |b Limusa  |c 2006 
300 |a 895 p. :il. 
650 7 |a PROBABILIDADES Y ESTADISTICAS 
650 7 |b  INGENIERIA I. Runger, George C., coaut. II. Tít. 
942 |c BK  |2 ddc 
991 |a TEXTO 
999 |c 8379